Emma Watson Filmography - Sudden Death - Statistics

General Stats
  • This quiz has been taken 207 times
  • The average score is 5 of 10
Answers on the Grid
Answers color-coded by a green-red scale on the quiz's grid according to % correct below.
Beauty and the Beast
Becoming Jane
Bridge to Terabithia
Diana
Easy A
Emma
Enchanted
Evan Almighty
Harry Potter and the Philosopher's Stone
Into the Woods
It's Kind of a Funny Story
Juno
Les Misérables
Little Women
Maleficent
My Week with Marilyn
Noah
Regression
The Bling Ring
The Circle
The Iron Lady
The Perks of Being a Wallflower
The Theory of Everything
The Vicar of Dibley
 
Answer Stats
Answer % Correct
Beauty and the Beast
96%
Harry Potter and the Philosopher's Stone
81%
The Perks of Being a Wallflower
70%
Little Women
67%
The Bling Ring
43%
The Circle
41%
Noah
34%
Regression
25%
My Week with Marilyn
21%
The Vicar of Dibley
15%
No matching quizzes found
Score Distribution
Percent of People with Each Score
Percentile by Number Answered
Your Score History
You have not taken this quiz